000 00295nam a22001337a 4500
008 171019b xxu||||| |||| 00| 0 eng d
020 _a2900324568386
041 _aeng
080 _a338
100 _a53
101 _aMEN
245 _aUNDERSTANDING MANAGEMENT
_cDOFT..R.L
942 _2udc
_cBK
999 _c34967
_d34967